Statistics for Large Cities in Indochina

Click here to take the quiz!

General Stats

  • This quiz has been taken 22 times
  • The average score is 8 of 21

Answer Stats

Country Answer % Correct
ThailandBangkok
100%
VietnamHo Chi Minh City
95%
Hanoi
95%
CambodiaPhnom Penh
90%
LaosVientiane
90%
MyanmarYangon
85%
Mandalay
65%
Da Nang
60%
Can Tho
25%
Pattaya
20%
Bien Hoa
15%
Pakxe
10%
Battambang
10%
Savannakhet
10%
Nonthaburi
10%
Hpa-An
5%
Vinh
5%
Pak Kret
5%
Bago
0%
Ratchaburi
0%
Serei Saophoan
0%

Score Distribution

Percentile by Number Answered

Percent of People with Each Score

Your Score History

You have not taken this quiz